000 00194nam a22000977a 4500
082 _a823
_bBLY/E
100 _aBLYTON, ENID
245 _aEIGHT O'CLOCK TALES
650 _aENGLISH STORY
942 _cBK
999 _c7693
_d7693